00895nam a22002057a 4500003000900000008004100009040007100050082001500121100002400136245005600160260003600216300003600252440004600288505023800334650002600572650002200598650001800620700001900638700003200657AR-CdUCM190307b ||||| |||| 00| 0 spa d aMUNICIPALIDAD PROVINCIAL DEL CUSCOcBIBLIOTECA MUNICIPAL DEL CUSCO a370 /bK73 aKolevzon, Edward R. aCómo hacer interesante una clase de geografía / aMéxico :bU.T..E.H.A.,c1968. aVIII , 99 páginas ;c17.5 cm. aManual U.T.E.H.A breven397 - educación aContenido: Tendencias en favor del mejoramiento del programa -- Importancia del método y el concepto apropiados -- Planeación del trabajo anual -- Planeación diaria de la lección -- Instrucción y discusión en la clase ... aEstudio y enseñanza aTrabajos en grupo aProductividad aMaloff, Rubin  aVerrey, Jack M. (traductor)